000 00300 a2200145 4500
001 176538
020 _a
040 _cMagnum
100 _aCarvajal, Frei Gaspar de
240 1 0 _aAs amazonas
_lpor
245 1 0 _aAs amazonas
362 0 _a1899
697 _aMAGNITO: IJ/PARADIDATICO
942 _cBK
999 _c176538
_d176538